000 00428nam a22001817a 4500
003 OSt
005 20241120104928.0
008 241120b |||||||| |||| 00| 0 eng d
040 _cMRSPTU
041 _aENG
082 _a307.12
_bMC-U
100 _aMcLoughlin , J. Brian
245 _aUrban and Regional Planning
260 _aJaipur
_bRawat Pub.
_c2019
300 _a331
650 _aArchitecture
942 _2ddc
_cBK
_n0
999 _c10452
_d10452